|
|
|
|
| LEADER |
00000nam a2200000 a 4500 |
| 003 |
Ucuenca |
| 005 |
20230308190102.0 |
| 008 |
000071|1999 sp |||||r|||||||||||spa|| |
| 020 |
|
|
|a 8448124790
|
| 040 |
|
|
|b spa
|
| 041 |
1 |
|
|a spa
|
| 082 |
0 |
|
|a 005.3
|
| 110 |
1 |
|
|a Catapult, Inc.
|9 40670
|
| 245 |
|
|
|a Microsoft excel 2000: paso a paso
|c Catapult, Inc., Camella Sánchez Manzanero, traducción, Antonio Vaquero Sánchez, revisión técnica, Samuel Túnez Rodríguez, revisión técnica
|h imp
|
| 264 |
|
|
|a Madrid
|b McGraw-Hill
|c 1999
|
| 300 |
|
|
|a 445 páginas:
|b ilu
|c 23 cm
|
| 520 |
3 |
|
|a Microsoft Outlook 2000 paso a paso es la forma más rápida y fácil de aprender a utilizar la última versión del popular gestor de información de Microsoft
|
| 650 |
|
|
|a Microsoft excel 2000
|9 121179
|
| 650 |
|
|
|a Microsoft press
|9 121180
|
| 650 |
|
|
|a Excel 2000
|9 55980
|
| 852 |
|
|
|a UC-YANUNCAY
|f Compra
|l 1
|m General
|p 20000711
|q 5.00
|r 2
|t 2558
|v agro
|w Ingeniería Agronómica
|b 0
|d CDRY
|e CDRY
|g 005.3 SALA 1 AGROPECUARIAS
|z 2000-00-71
|
| 856 |
|
|
|a http://sibuc.ucuenca.edu.ec/portada/2558.jpg
|
| 942 |
|
|
|c BK
|z diana.leon@ucuenca.edu.ec
|
| 999 |
|
|
|c 71656
|d 71656
|